000 01510nam a2200397 c 4500
001 20293
003 ES-MaCES
005 20180118122041.0
008 070706s2006 lu d m000 | eng d
020 _a9289709502
035 _aCES20070008356m
040 _aES-MaCES
_bspa
_cES-MaCES
100 1 _aWynne, Richard
_926403
245 1 0 _aEmployment guidance services for people with disabilities
_c[authors, Richard Wynne, Donal McAnaney and Caroline O'Kelly]
260 _aLuxembourg
_bOffice for Official Publications of the European Communities
_c2006
300 _aVII, 51 p.
_bgráf. bl. y n .
_c30 cm
500 _aPrecede al tít.: European Foundation for the Improvement of Living and Working Conditions
504 _aBibliografía: p. 35
541 _cGratuito
650 4 _aempleo
_928299
650 4 _aservicio de empleo
_928311
650 4 _apersona con discapacidad
_928689
650 4 _ainiciación del discapacitado al trabajo
_929677
650 4 _aintegración de las personas con discapacidad
_929681
650 4 _arepertorio de recomendaciones prácticas
_929261
650 4 _aestudio de casos
_928846
653 1 0 _aEmpleo
650 4 _929020
_apaís de la UE
650 4 _926752
_aUE
700 1 _aMcAnaney, Donal
_918229
700 1 _aO'Kelly, Caroline
_919821
710 2 _93819
_aFundación Europea para la Mejora de las Condiciones de Vida y de Trabajo
902 _aDOC Literatura gris
942 _2CES
_cBK
_h2.1.
999 _c20293
_d20293